Diez años del pensamiento social del Papa Francisco : aportes a la doctrina social de la iglesia y perspectivas /

Bibliographic Details
Other Authors: Sierra González, Santiago Andrés (Editor), Novoa M., Carlos (Novoa Matallana) (Editor)
Format: Electronic eBook
Language:Spanish
Published: Ciudad de Guatemala, Guatemala : Universidad Rafael Landívar, Editorial Cara Parens, 2023.
Series:Colección Teología iberoamericana.
Subjects:
Online Access:Digitalia Hispánica

MARC

LEADER 00000nam a2200000Ii 4500
001 DIGCARPAR0028
003 NyNyDIG
006 m o d
007 cr |||||||||||
008 240202s2023 gt ob 000 0 spa d
035 |a (OCoLC)1422055622 
040 |a DGITA  |b eng  |e rda  |e pn  |c DGITA 
020 |a 9789929545427  |q edición digital  |q ePub 
020 |z 9789929545403  |q edición física 
050 1 4 |a BX1378.7 ebook 
245 0 0 |a Diez años del pensamiento social del Papa Francisco :  |b aportes a la doctrina social de la iglesia y perspectivas /  |c Santiago Andrés Sierra González y Carlos Justino Novoa Matallana, editores. 
264 1 |a Ciudad de Guatemala, Guatemala :  |b Universidad Rafael Landívar, Editorial Cara Parens,  |c 2023. 
300 |a 1 online resource. 
336 |a text  |b txt  |2 rdacontent 
337 |a computer  |b c  |2 rdamedia 
338 |a online resource  |b cr  |2 rdacarrier 
347 |a text file  |2 rdaft 
347 |b EPUB 
490 1 |a Colección "Teología iberoamericana" 
504 |a Includes bibliographical references. 
588 0 |a Online resource; title from ePub title page (Digitalia, viewed February 2, 2024) 
600 0 0 |a Francis,  |c Pope,  |d 1936- 
650 0 |a Christian sociology  |x Catholic Church. 
700 1 |a Sierra González, Santiago Andrés,  |e editor. 
700 1 |a Novoa M., Carlos  |q (Novoa Matallana),  |e editor. 
791 2 |a Digitalia (Firm),  |e distributor. 
793 0 |g Digitalia eBook Collection:  |a Editorial Cara Parens 
776 0 8 |i Print version:  |t Diez años del pensamiento social del Papa Francisco.  |d Ciudad de Guatemala, Guatemala : Universidad Rafael Landívar, Editorial Cara Parens, 2023  |z 9789929545403 
830 0 |a Colección Teología iberoamericana. 
856 4 0 |3 Digitalia Hispánica  |u https://www.digitaliapublishing.com/a/130578/ 
910 |a Premium collection: 2024